Statistics for Countries of the World with a Borderless Map

Click here to take the quiz!

General Stats

  • This quiz has been taken 53,705 times
    (51,494 since last reset)
  • The average score is 163 of 196

Answers on the Map

Answers color-coded by a green-red scale on the quiz's map according to % correct below.
 

Answer Stats

Country% Correct
United States
98%
Canada
97%
Mexico
96%
Russia
96%
United Kingdom
96%
Brazil
95%
China
95%
France
95%
Denmark
94%
Germany
94%
India
94%
Italy
94%
Norway
94%
Spain
94%
Sweden
94%
Argentina
93%
Australia
93%
Chile
93%
Finland
93%
Iceland
93%
Ireland
93%
Japan
93%
Portugal
93%
Cuba
92%
Egypt
92%
Greece
92%
Mongolia
92%
Poland
92%
Turkey
92%
Ukraine
92%
Belgium
91%
Iran
91%
Netherlands
91%
North Korea
91%
Peru
91%
South Africa
91%
South Korea
91%
Austria
90%
Colombia
90%
Indonesia
90%
Iraq
90%
New Zealand
90%
Pakistan
90%
Saudi Arabia
90%
Switzerland
90%
Bolivia
89%
Kazakhstan
89%
Madagascar
89%
Morocco
89%
Panama
89%
Uruguay
89%
Vietnam
89%
Afghanistan
88%
Algeria
88%
Belarus
88%
Estonia
88%
Hungary
88%
Latvia
88%
Nepal
88%
Niger
88%
Oman
88%
Paraguay
88%
Romania
88%
Thailand
88%
Venezuela
88%
Yemen
88%
Croatia
87%
Czech Republic
87%
Democratic Republic
of the Congo
87%
Israel
87%
Lithuania
87%
Slovakia
87%
Sudan
87%
United Arab Emirates
87%
Albania
86%
Bulgaria
86%
Dominican Republic
86%
Ecuador
86%
Haiti
86%
Laos
86%
Libya
86%
Nigeria
86%
Philippines
86%
Serbia
86%
Slovenia
86%
Bangladesh
85%
Bosnia and
Herzegovina
85%
Chad
85%
Jordan
85%
Papua New Guinea
85%
Somalia
85%
Syria
85%
Cambodia
84%
Ethiopia
84%
Georgia
84%
Honduras
84%
Jamaica
84%
Luxembourg
84%
Malaysia
84%
Myanmar
84%
North Macedonia
84%
Republic of the Congo
84%
South Sudan
84%
Sri Lanka
84%
Uzbekistan
84%
Armenia
83%
Bhutan
83%
Costa Rica
83%
Cyprus
83%
Dominica
83%
Guatemala
83%
Kosovo
83%
Moldova
83%
Qatar
83%
Taiwan
83%
Tunisia
83%
Turkmenistan
83%
Vatican City
83%
Andorra
82%
Azerbaijan
82%
El Salvador
82%
Guyana
82%
Kenya
82%
Mali
82%
Nicaragua
82%
Suriname
82%
Bahamas
81%
Belize
81%
Malta
81%
Montenegro
81%
Angola
80%
Kyrgyzstan
80%
Lebanon
80%
Liechtenstein
80%
Tajikistan
80%
Zimbabwe
80%
Central African Republic
79%
Ghana
79%
Guinea
79%
Kuwait
79%
Lesotho
79%
San Marino
79%
Zambia
79%
Botswana
78%
Monaco
78%
Namibia
78%
Tanzania
78%
Togo
78%
Cote d'Ivoire
77%
Eritrea
77%
Fiji
77%
Mozambique
77%
Senegal
77%
Uganda
77%
Bahrain
76%
Cameroon
76%
Liberia
76%
Mauritania
76%
Rwanda
76%
Djibouti
75%
Eswatini
75%
Singapore
75%
Benin
74%
Gambia
74%
Maldives
74%
Barbados
73%
Equatorial Guinea
73%
Federated States of
Micronesia
73%
Gabon
73%
Malawi
73%
Seychelles
73%
Trinidad and Tobago
73%
Burkina Faso
72%
Cape Verde
72%
Mauritius
72%
Saint Lucia
72%
Brunei
71%
Burundi
71%
East Timor
71%
Guinea-Bissau
71%
Marshall Islands
71%
Saint Kitts and Nevis
71%
Sierra Leone
71%
Solomon Islands
71%
Antigua and Barbuda
70%
Kiribati
70%
Palau
70%
Samoa
70%
Tonga
70%
Tuvalu
70%
Comoros
69%
Nauru
69%
Saint Vincent and the
Grenadines
69%
São Tomé and Príncipe
69%
Vanuatu
69%
Grenada
68%

Score Distribution

Percentile by Number Answered

Percent of People with Each Score

Your Score History

You have not taken this quiz since the last reset